El Mediterráneo y el mundo mediterráneo en la época de Felipe II
Guardat en:
| Autor principal: | |
|---|---|
| Format: | Llibre |
| Idioma: | espanyol |
| Publicat: |
Madrid
Fondo de Cultura Económica
1976
|
| Edició: | 2a. ed |
| Col·lecció: | Historia
|
| Matèries: | |
| Etiquetes: |
Afegir etiqueta
Sense etiquetes, Sigues el primer a etiquetar aquest registre!
|
MARC
| LEADER | 00000cam a2200000 a 4500 | ||
|---|---|---|---|
| 001 | UCE2790 | ||
| 003 | CL-VaPUC | ||
| 008 | 140724e19760000sp |||||||||||||||||spa|d | ||
| 020 | |a 9789681607746o.c | ||
| 020 | |a 9789681607753t.1 | ||
| 020 | |a 9789681607760t.2 | ||
| 082 | 0 | 4 | |a 940.232 |b BRA |2 21 |
| 100 | 0 | |a Braudel, Fernand |e author |9 463728 | |
| 245 | 1 | 3 | |a El Mediterráneo y el mundo mediterráneo en la época de Felipe II |
| 250 | |a 2a. ed | ||
| 300 | |a t | ||
| 942 | |c BK | ||
| 945 | |d 20140724 10:48:00 |a dcastane | ||
| 260 | |a Madrid |b Fondo de Cultura Económica |c 1976 | ||
| 650 | 0 | |a Historia social |9 313638 | |
| 650 | 0 | |a Economía |9 255568 | |
| 650 | 0 | |a Civilizaciones |9 267192 | |
| 650 | 7 | |a REGION MEDITERRANEA |2 CL-VaPUC |9 560192 | |
| 583 | |a last modification |c 20140724 10:48:00 |k Rodrigo Vera | ||
| 490 | 0 | |a Historia | |
| 999 | |c 356351 |d 356349 | ||
| 952 | |0 0 |1 0 |3 erb |4 0 |6 940_232000000000000_BRA_1976 |7 0 |8 A |9 463627 |a BIBARQ |b BIBARQ |h t.1 |i 5092167 |o 940.232 BRA 1976 |p 5092167 |r 2025-01-20 |w 2019-11-23 |y BK |z Catalogado en:20140724 |k ARQ | ||
| 952 | |0 0 |1 0 |3 erb |4 0 |6 940_232000000000000_BRA_1976 |7 0 |8 A |9 463628 |a BIBARQ |b BIBARQ |h t.2 |i 5092175 |o 940.232 BRA 1976 |p 5092175 |r 2025-01-20 |w 2019-11-23 |y BK |z Catalogado en:20140724 |k ARQ | ||